[Event "Aragon-chT Honor Titulo"]
[Site "Aragon"]
[Date "2016.04.09"]
[Round "10.8"]
[White "Ferrer Echevarri, Francisco Javier"]
[Black "Cortes Lizano, Jesus"]
[Result "1/2-1/2"]
[WhiteElo "1951"]
[BlackElo "2149"]
[PlyCount "70"]
[EventDate "2016.03.19"]
[EventType "team-tourn"]
[EventRounds "10"]
[EventCountry "ESP"]
[SourceTitle "EXT 2018"]
[Source "ChessBase"]
[SourceDate "2017.10.13"]
[SourceVersion "1"]
[SourceVersionDate "2017.10.13"]
[SourceQuality "1"]
[WhiteTeam "Aragon ONCE"]
[BlackTeam "St Casablanca II"]
[WhiteTeamCountry "ESP"]
[BlackTeamCountry "ESP"]

1. d4 d5 2. c4 e6 3. Nc3 Nf6 4. cxd5 exd5 5. Bg5 c6 6. e3 Bf5 7. Bd3 Bxd3 8. Qxd3 Nbd7 9. Nf3 Be7 10. 0-0 0-0 11. Rac1 Ne4 12. Bxe7 Qxe7 13. Nd2 Nd6 14. b4 a6 15. a4 Nb6 16. Nb3 Ne4 17. Nc5 f5 18. a5 Nc8 19. N3a4 Ncd6 20. Nb6 Rad8 21. Rce1 Rf6 22. f3 Ng5 23. Re2 Rh6 24. g3 Qe8 25. h4 Ne6 26. Nba4 Qg6 27. Nxe6 Qxe6 28. Nc5 Qg6 29. Rg2 Qh5 30. f4 Qe8 31. Rc2 Qe7 32. Qc3 Rg6 33. Rg2 Re8 34. Rf3 Ne4 35. Nxe4 Qxe4 1/2-1/2

[Event "Aragon-chT Honor GrB"]
[Site "Aragon"]
[Date "2015.01.31"]
[Round "2.19"]
[White "Ferrer Echevarri, Francisco Javier"]
[Black "Lopez Gracia, Fernando"]
[Result "0-1"]
[WhiteElo "1953"]
[BlackElo "2327"]
[PlyCount "44"]
[EventDate "2015.01.24"]
[EventType "team-tourn"]
[EventRounds "7"]
[EventCountry "ESP"]
[SourceTitle "EXT 2017"]
[Source "ChessBase"]
[SourceDate "2016.10.25"]
[SourceVersion "1"]
[SourceVersionDate "2016.10.25"]
[SourceQuality "1"]
[WhiteTeam "Aragon ONCE"]
[BlackTeam "St Casablanca"]
[WhiteTeamCountry "ESP"]
[BlackTeamCountry "ESP"]

1. d4 d6 2. c4 g6 3. Nc3 Bg7 4. e4 e5 5. d5 h5 6. Be2 Nd7 7. Nf3 a5 8. Bg5 f6 9. Be3 Bh6 10. Bxh6 Nxh6 11. a3 0-0 12. Nh4 Kg7 13. g3 Nc5 14. b4 axb4 15. axb4 Rxa1 16. Qxa1 Nb3 17. Qd1 Nd4 18. 0-0 Bh3 19. Ng2 c6 20. f4 Qb6 21. Rf2 Nxe2+ 22. Nxe2 Ng4 0-1

[Event "Aragon-chT Preferente B"]
[Site "Aragon"]
[Date "2014.01.25"]
[Round "1.59"]
[White "Ferrer Echevarri, Francisco Javier"]
[Black "Mombiela de Sus, Jose Luis"]
[Result "1-0"]
[WhiteElo "1933"]
[BlackElo "2050"]
[PlyCount "97"]
[EventDate "2014.01.25"]
[EventType "team-tourn"]
[EventRounds "9"]
[EventCountry "ESP"]
[SourceTitle "EXT 2015"]
[Source "ChessBase"]
[SourceDate "2014.11.20"]
[SourceVersion "1"]
[SourceVersionDate "2014.11.20"]
[SourceQuality "1"]
[WhiteTeam "Aragon ONCE II"]
[BlackTeam "Las Fuentes"]
[WhiteTeamCountry "ESP"]
[BlackTeamCountry "ESP"]

1. d4 e6 2. c4 f5 3. g3 Nf6 4. Bg2 Bb4+ 5. Nd2 a5 6. a3 Be7 7. e4 fxe4 8. Nxe4 0-0 9. Nh3 d5 10. Nxf6+ Bxf6 11. cxd5 exd5 12. Nf4 c6 13. 0-0 Qb6 14. Be3 Na6 15. Qd3 Nc7 16. Nh5 Be7 17. Rfe1 Bf5 18. Qd2 Rae8 19. Bf4 Bg6 20. Bxc7 Qxc7 21. Nf4 Bg5 22. Rxe8 Bxe8 23. Nxd5 Qxg3 24. hxg3 Bxd2 25. Rd1 Bg5 26. Ne3 Bh5 27. Rd3 Bf3 28. Bxf3 Rxf3 29. Kg2 Rf7 30. Nc4 a4 31. Nb6 Bc1 32. Nxa4 b5 33. Rd1 bxa4 34. Rxc1 Rb7 35. Rxc6 Rxb2 36. Rc4 Rb3 37. Rxa4 Kf7 38. Ra7+ Kf6 39. d5 h5 40. d6 Rd3 41. d7 g6 42. a4 Ke7 43. a5 Kd8 44. Kh3 Rf3 45. Kg2 Rf6 46. a6 Rf5 47. Ra8+ Kxd7 48. a7 Ra5 49. Rh8 1-0

[Event "Aragon-chT Honor I"]
[Site "Spain"]
[Date "2011.02.19"]
[Round "3.16"]
[White "Zalaya Gracia, Alejandro"]
[Black "Ferrer Echevarri, Francisco Javier"]
[Result "0-1"]
[WhiteElo "1692"]
[BlackElo "1959"]
[PlyCount "96"]
[EventDate "2011.02.05"]
[EventType "team-tourn"]
[EventRounds "7"]
[EventCountry "ESP"]
[SourceTitle "EXT 2013"]
[Source "ChessBase"]
[SourceDate "2012.11.22"]
[SourceVersion "1"]
[SourceVersionDate "2012.11.22"]
[SourceQuality "1"]
[WhiteTeam "Tauste"]
[BlackTeam "Aragon"]
[WhiteTeamCountry "ESP"]
[BlackTeamCountry "ESP"]

1. d4 Nf6 2. Nf3 e6 3. Bg5 d5 4. e3 c5 5. c3 Be7 6. Bd3 Nbd7 7. Nbd2 h6 8. Bh4 b6 9. 0-0 Bb7 10. Ne5 Nxe5 11. dxe5 Nd7 12. Bxe7 Qxe7 13. f4 0-0-0 14. Qa4 c4 15. Be2 Qc5 16. Kf2 g5 17. b4 Qe7 18. g3 f6 19. exf6 Qxf6 20. Qc2 gxf4 21. Kg1 Qe5 22. exf4 Qxe2 23. Rae1 Qg4 24. Nf3 Rdf8 25. Nh4 Rhg8 26. Ng2 Qg6 27. Qe2 Rf6 28. Rd1 Qe4 29. Qd2 Rgf8 30. Rfe1 Qg6 31. a4 h5 32. Qd4 Qg4 33. Kh1 h4 34. Nxh4 Rxf4 35. gxf4 Rxf4 36. Rg1 Rxd4 37. Rxd4 Qe2 38. Ng2 e5 39. Rdd1 Qf3 40. Rgf1 Qxc3 41. h4 Qh3+ 42. Kg1 d4 43. Rf2 d3 44. Rc1 Bd5 45. Re1 c3 46. Re3 c2 47. Rxh3 c1Q+ 48. Kh2 Bxg2 0-1

[Event "Aragon-chT Preferente"]
[Site "Spain"]
[Date "2010.02.27"]
[Round "6.10"]
[White "Ferrer Echevarri, Francisco Javier"]
[Black "Ramiro Ovejero, Juan Luis"]
[Result "0-1"]
[WhiteElo "1972"]
[BlackElo "2346"]
[PlyCount "50"]
[EventDate "2010.01.23"]
[EventType "team-swiss"]
[EventRounds "12"]
[EventCountry "ESP"]
[SourceTitle "EXT 2013"]
[Source "ChessBase"]
[SourceDate "2012.11.22"]
[SourceVersion "1"]
[SourceVersionDate "2012.11.22"]
[SourceQuality "1"]
[WhiteTeam "Aragon"]
[BlackTeam "Jaime Casas"]
[WhiteTeamCountry "ESP"]
[BlackTeamCountry "ESP"]

1. d4 Nf6 2. c4 c5 3. Nf3 cxd4 4. Nxd4 e5 5. Nb5 d5 6. Bg5 Bb4+ 7. Bd2 Bxd2+ 8. Qxd2 a6 9. N5a3 d4 10. b4 0-0 11. g3 a5 12. b5 Ne4 13. Qb2 Qf6 14. f3 Nd6 15. Bg2 Nf5 16. Nc2 Be6 17. Nd2 Qh6 18. Rd1 Nd7 19. 0-0 Nc5 20. Nb3 Na4 21. Qc1 Nc3 22. Rf2 Nxd1 23. Qxd1 Bxc4 24. f4 Ne3 25. Qd2 Ng4 0-1

[Event "Aragon-chT"]
[Site "Aragon"]
[Date "2009.03.28"]
[Round "9"]
[White "Labrador Postigo, Francisco Manuel"]
[Black "Ferrer Echevarri, Francisco Javier"]
[Result "0-1"]
[WhiteElo "1953"]
[BlackElo "1969"]
[PlyCount "116"]
[EventDate "2009.01.24"]
[EventType "team-swiss"]
[EventRounds "9"]
[EventCountry "ESP"]
[SourceTitle "EXT 2011"]
[Source "ChessBase"]
[SourceDate "2010.11.26"]
[SourceVersion "1"]
[SourceVersionDate "2010.11.26"]
[SourceQuality "1"]

1. d4 Nf6 2. c4 e6 3. g3 d5 4. Bg2 Be7 5. Nf3 b6 6. Qa4+ Qd7 7. Qc2 0-0 8. 0-0 Bb7 9. Ne5 Qc8 10. Bg5 Na6 11. a3 c5 12. cxd5 Bxd5 13. Bxd5 Nxd5 14. Bxe7 Nxe7 15. dxc5 Qxc5 16. Qe4 Qd5 17. Nc3 Qxe4 18. Nxe4 f6 19. Nd3 Rfd8 20. Rac1 Rd7 21. b4 Rad8 22. Nf4 Kf7 23. Rc2 Nc7 24. Rfc1 Nb5 25. a4 Nd4 26. Rb2 e5 27. Ng2 Ne6 28. f4 f5 29. Ng5+ Nxg5 30. fxg5 Rd1+ 31. Rxd1 Rxd1+ 32. Kf2 Rd4 33. a5 b5 34. Ne3 Kg6 35. h4 f4 36. gxf4 Rxf4+ 37. Ke1 Rxh4 38. Rc2 Rxb4 39. Rc7 Nf5 40. Nxf5 Kxf5 41. Rxg7 Ra4 42. Rxa7 Kxg5 43. a6 h5 44. Re7 Kf6 45. Rh7 Kg6 46. Rb7 Rxa6 47. Rxb5 Kf5 48. Kf2 Rg6 49. Rb8 Rg4 50. Rh8 h4 51. Rh5+ Ke4 52. e3 Kd5 53. Kf3 Rg3+ 54. Kf2 Rh3 55. Kg2 Rxe3 56. Rxh4 Re4 57. Rh8 Rf4 58. Kg3 Rf7 0-1

[Event "Aragon-chT"]
[Site "Aragon"]
[Date "2009.02.28"]
[Round "5"]
[White "Ferrer Echevarri, Francisco Javier"]
[Black "Minguez Guinda, Andres"]
[Result "1-0"]
[WhiteElo "1969"]
[BlackElo "1942"]
[PlyCount "72"]
[EventDate "2009.01.24"]
[EventType "team-swiss"]
[EventRounds "9"]
[EventCountry "ESP"]
[SourceTitle "EXT 2011"]
[Source "ChessBase"]
[SourceDate "2010.11.26"]
[SourceVersion "1"]
[SourceVersionDate "2010.11.26"]
[SourceQuality "1"]

1. d4 d5 2. c4 e6 3. Nc3 Nf6 4. Bg5 Nbd7 5. cxd5 exd5 6. e3 c6 7. Bd3 Be7 8. Nf3 0-0 9. 0-0 Re8 10. Rb1 Nf8 11. Qc2 Be6 12. b4 Rc8 13. a4 b6 14. Ne5 N6d7 15. Bxe7 Qxe7 16. Nxd7 Qxd7 17. Rfc1 Qb7 18. Ne2 Bd7 19. Nf4 Qb8 20. Qa2 Qd6 21. Rb2 Qh6 22. Rbc2 Ne6 23. Nxe6 fxe6 24. f4 g5 25. Rf2 gxf4 26. exf4 Qf6 27. Qd2 Kh8 28. Qe3 Rg8 29. Rcf1 c5 30. bxc5 bxc5 31. dxc5 Qe7 32. Qe5+ Qg7 33. Rf3 Qxe5 34. fxe5 Bxa4 35. Ra1 Be8 36. Rxa7 Rg7 1-0

[Event "Aragon-chT"]
[Site "Aragon"]
[Date "2009.02.21"]
[Round "4"]
[White "Ferrer Echevarri, Francisco Javier"]
[Black "Morato Garcia, Jesus"]
[Result "1/2-1/2"]
[WhiteElo "1969"]
[BlackElo "1825"]
[PlyCount "102"]
[EventDate "2009.01.24"]
[EventType "team-swiss"]
[EventRounds "9"]
[EventCountry "ESP"]
[SourceTitle "EXT 2011"]
[Source "ChessBase"]
[SourceDate "2010.11.26"]
[SourceVersion "1"]
[SourceVersionDate "2010.11.26"]
[SourceQuality "1"]

1. d4 Nf6 2. c4 e6 3. Nf3 Bb4+ 4. Bd2 Qe7 5. a3 Bxd2+ 6. Qxd2 b6 7. Nc3 Bb7 8. Qc2 d5 9. e3 0-0 10. Bd3 dxc4 11. Bxc4 Nbd7 12. 0-0 c5 13. Rfe1 Rac8 14. Qb3 Ng4 15. d5 Nge5 16. Nxe5 Nxe5 17. Rad1 Nxc4 18. Qxc4 exd5 19. Nxd5 Qe6 20. e4 Rfd8 21. f3 Kf8 22. Ne3 Qxc4 23. Nxc4 Ke7 24. Kf2 f6 25. Ne3 Ke6 26. g3 Rd4 27. Nf5 Rxd1 28. Rxd1 g6 29. Rd6+ Ke5 30. Rd7 Bxe4 31. fxe4 gxf5 32. exf5 Kxf5 33. Rxh7 a5 34. Kf3 c4 35. Rh5+ Kg6 36. Rb5 c3 37. bxc3 Rxc3+ 38. Kf4 Rxa3 39. Rxb6 Ra4+ 40. Kf3 Ra1 41. Ra6 a4 42. Ra5 a3 43. Kg2 a2 44. h3 Kh6 45. h4 Kg6 46. h5+ Kh6 47. g4 f5 48. Ra6+ Kg5 49. h6 Rb1 50. Rxa2 fxg4 51. h7 Rb8 1/2-1/2

[Event "Aragon-chT"]
[Site "Aragon"]
[Date "2008.02.02"]
[Round "1"]
[White "Minguez Guinda, Andres"]
[Black "Ferrer Echevarri, Francisco Javier"]
[Result "1-0"]
[WhiteElo "1952"]
[BlackElo "1997"]
[PlyCount "51"]
[EventDate "2008.02.02"]
[EventType "team-swiss"]
[EventRounds "12"]
[EventCountry "ESP"]
[SourceTitle "EXT 2011"]
[Source "ChessBase"]
[SourceDate "2010.11.26"]
[SourceVersion "1"]
[SourceVersionDate "2010.11.26"]
[SourceQuality "1"]

1. e4 c5 2. Nc3 Nc6 3. Nf3 g6 4. d3 Bg7 5. Be3 d6 6. d4 cxd4 7. Nxd4 Bd7 8. Qd2 Nf6 9. f3 a6 10. g4 b5 11. h4 h6 12. a3 Ne5 13. Rd1 Rc8 14. Qg2 Nc4 15. Bxc4 Rxc4 16. 0-0 Qc8 17. Rfe1 Qb7 18. Nb3 Qa8 19. e5 Nxg4 20. exd6 Ne5 21. Nd5 Rc6 22. Nc7+ Rxc7 23. dxc7 Nxf3+ 24. Kf2 Qe4 25. Rxd7 Kxd7 26. Nc5+ 1-0

[Event "Aragon-chT Autonomico"]
[Site "Aragon"]
[Date "2007.03.17"]
[Round "8"]
[White "Fabre Perez, Jose Maria"]
[Black "Ferrer Echevarri, Francisco Javier"]
[Result "1/2-1/2"]
[WhiteElo "2089"]
[BlackElo "2023"]
[PlyCount "102"]
[EventDate "2007.01.27"]
[EventType "team-tourn"]
[EventRounds "9"]
[EventCountry "ESP"]
[SourceTitle "EXT 2008"]
[Source "ChessBase"]
[SourceDate "2007.11.25"]
[SourceVersion "1"]
[SourceVersionDate "2007.11.25"]
[SourceQuality "1"]
[WhiteTeam "Marcos Frechin"]
[BlackTeam "Aragon"]
[WhiteTeamCountry "ESP"]
[BlackTeamCountry "ESP"]

1. e4 d6 2. d4 Nf6 3. Nc3 e5 4. Nf3 Nbd7 5. Bc4 Be7 6. dxe5 Nxe5 7. Nxe5 dxe5 8. Qe2 c6 9. f3 0-0 10. Be3 Qc7 11. 0-0 b5 12. Bb3 Bb7 13. Qf2 a6 14. Rad1 c5 15. Bd5 Nxd5 16. Nxd5 Bxd5 17. Rxd5 Rac8 18. Qg3 f6 19. Bh6 Rf7 20. Rfd1 c4 21. Qg4 Rd8 22. Be3 Rxd5 23. Rxd5 Qc6 24. Qd7 Qxd7 25. Rxd7 Bc5 26. Rd8+ Rf8 27. Rxf8+ Bxf8 28. Kf2 Kf7 29. Ke2 Ke6 30. a3 Bd6 31. Kd2 Bc7 32. Bc5 Ba5+ 33. Ke3 Bc7 34. g3 g5 35. g4 Ba5 36. b3 cxb3 37. cxb3 Bd8 38. a4 Be7 39. Bb6 Kd7 40. Kd3 Kc6 41. Bf2 Bc5 42. Be1 b4 43. h4 h6 44. a5 Kb5 45. h5 Bd4 46. Bd2 Bc5 47. Be1 Bd4 48. Bg3 Kc5 49. Be1 Kb5 50. Bd2 Bc5 51. Be1 Bd4 1/2-1/2

[Event "Aragon-chT Autonomico"]
[Site "Aragon"]
[Date "2007.02.17"]
[Round "4"]
[White "Vera Aranjuelo, Jesus Maria"]
[Black "Ferrer Echevarri, Francisco Javier"]
[Result "1/2-1/2"]
[WhiteElo "2114"]
[BlackElo "2023"]
[PlyCount "58"]
[EventDate "2007.01.27"]
[EventType "team-tourn"]
[EventRounds "9"]
[EventCountry "ESP"]
[SourceTitle "EXT 2008"]
[Source "ChessBase"]
[SourceDate "2007.11.25"]
[SourceVersion "1"]
[SourceVersionDate "2007.11.25"]
[SourceQuality "1"]
[WhiteTeam "Caissa II"]
[BlackTeam "Aragon"]
[WhiteTeamCountry "ESP"]
[BlackTeamCountry "ESP"]

1. d4 Nf6 2. Nf3 e6 3. Bf4 b6 4. e3 Bb7 5. Be2 c5 6. c3 d5 7. 0-0 Be7 8. h3 0-0 9. Nbd2 Nc6 10. Rc1 a6 11. Ne5 Nd7 12. Ndf3 f6 13. Nxc6 Bxc6 14. Qd2 b5 15. Bh2 c4 16. Qc2 Nb6 17. Nd2 Bd6 18. Bxd6 Qxd6 19. e4 Nd7 20. Rce1 e5 21. dxe5 Nxe5 22. exd5 Bxd5 23. Rd1 Qc6 24. f3 Rad8 25. Rfe1 Rd7 26. Nf1 Rfd8 27. Ng3 Bf7 28. Nf5 Qc5+ 29. Kh1 Bg6 1/2-1/2

[Event "Aragon-chT Autonomico"]
[Site "Aragon"]
[Date "2007.02.10"]
[Round "3"]
[White "Aguirre Izaguirre, Pedro Jose"]
[Black "Ferrer Echevarri, Francisco Javier"]
[Result "1-0"]
[WhiteElo "2268"]
[BlackElo "2023"]
[PlyCount "119"]
[EventDate "2007.01.27"]
[EventType "team-tourn"]
[EventRounds "9"]
[EventCountry "ESP"]
[SourceTitle "EXT 2008"]
[Source "ChessBase"]
[SourceDate "2007.11.25"]
[SourceVersion "1"]
[SourceVersionDate "2007.11.25"]
[SourceQuality "1"]
[WhiteTeam "IberCaja"]
[BlackTeam "Aragon"]
[WhiteTeamCountry "ESP"]
[BlackTeamCountry "ESP"]

1. c4 Nf6 2. Nc3 e6 3. g3 d5 4. Bg2 c6 5. b3 Be7 6. Nf3 Nbd7 7. 0-0 Nc5 8. d3 b6 9. Bb2 0-0 10. Qc2 Bb7 11. Rfd1 Qc7 12. e4 dxe4 13. dxe4 Rfd8 14. b4 Na6 15. a3 Rxd1+ 16. Rxd1 Rd8 17. e5 Ne8 18. Ne2 Rxd1+ 19. Qxd1 Nb8 20. Nf4 a6 21. Qa4 Kf8 22. Qc2 Kg8 23. c5 bxc5 24. bxc5 Nd7 25. Nd3 Qa5 26. Nd4 Nxc5 27. Nxc6 Bxc6 28. Bxc6 Nc7 29. Bf3 Qb5 30. Nb4 Bf8 31. Bd4 a5 32. Be2 Qa4 33. Qc4 axb4 34. Bxc5 Nd5 35. Bxf8 Kxf8 36. Qc5+ Ne7 37. axb4 Qc6 38. Qa5 Nd5 39. Bf3 Ke7 40. Qa7+ Ke8 41. Qb8+ Ke7 42. Kg2 Qb6 43. Qxb6 Nxb6 44. Be4 h6 45. f4 f5 46. Bc6 Kd8 47. Kf2 Kc7 48. Bf3 Nd7 49. Ke3 Kb6 50. Kd4 Nb8 51. Kc4 Nd7 52. Bh5 Nf8 53. Bf7 g5 54. b5 g4 55. Kb4 Kc7 56. Ka5 Kd8 57. Ka6 Ke7 58. Bh5 Nd7 59. Ka7 Nc5 60. b6 1-0

[Event "Autonomico-chT"]
[Site "Aragon"]
[Date "2005.02.19"]
[Round "4.61"]
[White "Moreno Martinez, Laura"]
[Black "Ferrer Echevarri, Francisco Javier"]
[Result "0-1"]
[WhiteElo "1747"]
[BlackElo "2035"]
[PlyCount "82"]
[EventDate "2005.01.22"]
[EventType "team-tourn"]
[EventRounds "12"]
[EventCountry "ESP"]
[SourceTitle "EXT 2006"]
[Source "ChessBase"]
[SourceDate "2005.11.24"]
[SourceVersion "1"]
[SourceVersionDate "2005.11.24"]
[SourceQuality "1"]

1. e4 c6 2. d4 d5 3. exd5 cxd5 4. Bd3 Nc6 5. c3 Qc7 6. Ne2 e6 7. Bf4 Bd6 8. Bxd6 Qxd6 9. 0-0 a6 10. Nd2 Nge7 11. a4 Bd7 12. a5 Qc7 13. Nb3 Na7 14. Nec1 Bb5 15. Nc5 e5 16. N5b3 e4 17. Bxb5+ Nxb5 18. Nc5 0-0 19. Qg4 f5 20. Qg3 Rf6 21. Qxc7 Nxc7 22. N1b3 b5 23. Nd7 Rd6 24. Nb6 Re8 25. Nc5 Nc8 26. Nbd7 Rh6 27. g3 Nd6 28. b3 Rd8 29. Rfc1 Ne6 30. Nxe6 Rxd7 31. Nc5 Ra7 32. h4 Rf6 33. Kf1 f4 34. Kg2 f3+ 35. Kh3 Nf5 36. g4 Nd6 37. Kg3 Ne8 38. Rc2 Rc6 39. Kf4 Rf7+ 40. Kg3 Nd6 41. Rd1 Nb7 0-1